[Event "It (open)"]
[Site "masterchessopen.com Dresden (Germany)"]
[Date "2009.07.28"]
[Round "4"]
[White "Doberitz Paul (GER)"]
[Black "Sanikidze Tornike (GEO)"]
[Result "0-1"]
[WhiteElo "2192"]
[BlackElo "2559"]

1.e4 c5 2.Nf3 d6 3.d4 cxd4 4.Nxd4 Nf6 5.Nc3 Nc6 6.Bg5 Bd7 7.Qd2 Rc8 8.O-O-O
Nxd4 9.Qxd4 Qa5 10.Bxf6 gxf6 11.Kb1 Qc5 12.Qd2 Bg7 13.f4 f5 14.e5 O-O 15.exd6
Be6 16.dxe7 Qxe7 17.Qd6 Qf6 18.Rd3 Rfd8 19.Qa3 a6 20.Be2 Rxd3 21.Bxd3 Qd4
22.Rf1 h5 23.Ne2 Qd5 24.Rf3 h4 25.Nc1 Qd4 26.Ne2 Qb6 27.g3 Rc5 28.b3 Bd5
29.Re3 Rc8 30.Qe7 Bf6 31.Qd7 Be6 32.Rxe6 Qxe6 33.Bxf5 Qxd7 34.Bxd7 Rd8 35.Bf5
Rd1+ 36.Nc1 Bc3 {#R} 0-1

[Event "It (open) (b)"]
[Site "masterchessopen.com Pardubice (Czech Republic)"]
[Round "8"]
[White "Maslak Alexander (RUS)"]
[Black "Tolstikh Nikolay (RUS)"]
[Result "0-1"]
[WhiteElo "2191"]
[BlackElo "2374"]

1.e4 c5 2.Nf3 Nc6 3.d4 cxd4 4.Nxd4 Nf6 5.Nc3 d6 6.Bg5 Bd7 7.Qd2 Rc8 8.O-O-O
Nxd4 9.Qxd4 Qa5 10.Bd2 e5 11.Qd3 Rxc3 12.Bxc3 Qxa2 13.f3 b5 14.g4 Be7 15.h4
O-O 16.Bb4 Qa1+ 17.Kd2 Qxb2 18.Bxd6 Bxd6 19.Qxd6 Bxg4 20.fxg4 Nxe4+ {#R} 0-1

[Event "It (open) (a)"]
[Site "masterchessopen.com Sukhumi (Georgia)"]
[Date "2009.08.06"]
[Round "4"]
[White "Kruchev Boris (RUS)"]
[Black "Iljushina Olga (RUS)"]
[Result "1-0"]
[WhiteElo "2249"]
[BlackElo "2366"]

1.e4 c5 2.Nf3 Nc6 3.Nc3 d6 4.d4 cxd4 5.Nxd4 Nf6 6.Bg5 Bd7 7.Qd2 a6 8.O-O-O b5
9.Nxc6 Bxc6 10.f3 h6 11.Be3 e6 12.Qf2 b4 13.Ne2 e5 14.g4 Rb8 15.Ng3 Qa5 16.Bc4
d5 17.exd5 Nxd5 18.Ba7 Rb7 19.Rhe1 f6 20.f4 Nc3 21.fxe5 Be7 22.exf6 Nxd1
23.fxg7 Qg5+ 24.Kxd1 Rd7+ 25.Bd3 Qxg7 26.Nf5 Qxg4+ 27.Kc1 Rf8 28.Qc5 Rd5
29.Qxc6+ {#r} 1-0

[Event "It \"]
[Site "masterchessopen.com Peterhof (Russia)"]
[Date "2009.08.09"]
[Round "7"]
[White "Pyatin Alexander (RUS)"]
[Black "Zubritskiy Artyom (RUS)"]
[Result "0-1"]
[WhiteElo "2039"]
[BlackElo "2342"]

1.e4 c5 2.Nf3 Nc6 3.d4 cxd4 4.Nxd4 Nf6 5.Nc3 d6 6.Bg5 Bd7 7.Qd2 Rc8 8.f4 Nxd4
9.Qxd4 Qa5 10.e5 dxe5 11.fxe5 e6 12.O-O-O Bc6 13.Bxf6 gxf6 14.Ne4 Rd8 15.Nxf6+
Ke7 16.Qxd8+ Qxd8 17.Rxd8 Kxd8 18.Bd3 Bh6+ 19.Kb1 Bf4 20.Re1 Bxh2 21.Bxh7 Bg3
22.Rd1+ Ke7 23.Be4 Bxe5 24.Bxc6 bxc6 25.Ne4 Rh2 26.a4 Rxg2 27.Nc5 Bd6 28.Nb7
Bc7 29.b4 f5 30.Rh1 Bh2 31.Rd1 Rg1 32.Rxg1 Bxg1 33.Kc1 Bb6 34.c4 Kd7 35.c5 Bc7
36.b5 e5 37.Kd2 Ke6 {#R} 0-1

[Event "It (open) (a)"]
[Site "masterchessopen.com Sukhumi (Georgia)"]
[Date "2009.08.12"]
[Round "9"]
[White "Charochkina Daria (RUS)"]
[Black "Iljushin Alexei (RUS)"]
[Result "0-1"]
[WhiteElo "2289"]
[BlackElo "2558"]

1.e4 c5 2.Nf3 Nc6 3.d4 cxd4 4.Nxd4 Nf6 5.Nc3 d6 6.Bg5 Bd7 7.Qd2 Rc8 8.O-O-O
Nxd4 9.Qxd4 Qa5 10.f4 h6 11.Bxf6 gxf6 12.Kb1 Qc5 13.Qd3 f5 14.exf5 Qxf5 15.Qg3
Qg4 16.Qe1 Bg7 17.Nd5 Be6 18.Bb5+ Kf8 19.Qe4 Qf5 20.Qxf5 Bxf5 21.Ne3 Be4
22.Bd3 Bc6 23.Rhe1 h5 24.Nf5 Bf6 25.Be4 h4 26.g4 hxg3 27.hxg3 Rh2 28.c3 Bxe4+
29.Rxe4 Rg2 30.Rh1 Rc5 31.Ne3 Rxg3 {#R} 0-1

[Event "It (open) (b)"]
[Site "masterchessopen.com Polanica Zdroj (Poland)"]
[Date "2009.08.18"]
[Round "1"]
[White "Wozniak Grzegorz (POL)"]
[Black "Somyk Marcin (POL)"]
[Result "0-1"]
[WhiteElo "1570"]
[BlackElo "1901"]

1.e4 c5 2.Nf3 Nc6 3.d4 cxd4 4.Nxd4 Nf6 5.Nc3 d6 6.Bg5 Bd7 7.Qd2 Rc8 8.Be2 Nxd4
9.Qxd4 Qa5 10.Bxf6 gxf6 11.O-O Rg8 12.f4 Qc5 13.Qxc5 Rxc5 14.Rad1 f5 15.Rd5
Rc7 16.exf5 a6 17.Rd2 Bxf5 18.Bd3 Bxd3 19.Rxd3 Bg7 20.Rff3 Kd7 21.Rg3 Rc4
22.Rdf3 Bd4+ 23.Kf1 Rgc8 24.Ke2 b5 25.a3 Bxc3 26.Rxc3 Rxf4 27.Rxc8 Kxc8 28.Rg7
h5 29.g3 Rf5 30.c3 Kd7 31.b4 {#R} 0-1

[Event "Ch Vietnam (team)"]
[Site "masterchessopen.com Nha Trang (Vietnam)"]
[Date "2009.08.29"]
[Round "10"]
[White "Dang Duy Linh (VIE)"]
[Black "Ton That Nhu Tung (VIE)"]
[Result "0-1"]
[WhiteElo "2084"]
[BlackElo "2227"]

1.e4 c5 2.Nf3 d6 3.d4 cxd4 4.Nxd4 Nf6 5.Nc3 Nc6 6.Bg5 Bd7 7.Qd2 Rc8 8.f4 Nxd4
9.Qxd4 Qa5 10.e5 dxe5 11.fxe5 Bc6 12.O-O-O Nd7 13.Be3 e6 14.Qxa7 Qxe5 15.Qd4
Qxd4 16.Bxd4 e5 17.Re1 f6 18.Nb5 Kd8 19.Be3 Ra8 20.Na7 Rxa7 21.Bxa7 b6 22.Rd1
Kc7 23.Be2 Bc5 24.Bf3 e4 25.Bg4 Ne5 26.Be6 Ra8 27.Bxb6+ Kxb6 28.a3 Bf2 {#R}
0-1

[Event "It (open)"]
[Site "masterchessopen.com Yuzhny (Ukraine)"]
[Date "2009.09.10"]
[Round "4"]
[White "Otchiyev Arslan (TKM)"]
[Black "Bylino Oleg (UKR)"]
[Result "1-0"]
[WhiteElo "2320"]
[BlackElo "2137"]

1.e4 c5 2.Nf3 d6 3.d4 cxd4 4.Nxd4 Nf6 5.Nc3 Nc6 6.Bg5 Bd7 7.Qd2 Rc8 8.O-O-O
Nxd4 9.Qxd4 Qa5 10.Bxf6 gxf6 11.f4 Qc5 12.Qd2 e6 13.e5 f5 14.g4 Bc6 15.Bg2
Bxg2 16.Qxg2 Rg8 17.Qxb7 Rc7 18.Qb5+ Qxb5 19.Nxb5 Rb7 20.Nxd6+ Bxd6 21.Rxd6
Rxg4 22.Rd4 Rg2 23.b3 Rf2 24.Rg1 Rc7 25.Rd2 Rxf4 26.Rg8+ Ke7 27.Rdd8 Rf1+
28.Kb2 f6 29.Rde8+ Kf7 30.Ref8+ Ke7 31.exf6+ Kd6 32.Rg7 Rd7 33.Rfg8 {#r} 1-0

[Event "Extra League 2009/10"]
[Site "masterchessopen.com Czech Republic"]
[Date "2009.11.08"]
[Round "2"]
[White "Bobras Piotr (POL)"]
[Black "Antoniewski Rafal (POL)"]
[Result "1-0"]
[WhiteElo "2568"]
[BlackElo "2535"]

1.e4 c5 2.Nf3 d6 3.d4 cxd4 4.Nxd4 Nf6 5.Nc3 Nc6 6.Bg5 Bd7 7.Qd2 Nxd4 8.Qxd4
Qa5 9.f4 e5 10.Qd2 Be7 11.O-O-O Bc6 12.Kb1 h6 13.Bxf6 Bxf6 14.f5 Rc8 15.Bc4
Qc5 16.Bb3 Ke7 17.Qe2 h5 18.Rd3 Bb5 19.Nxb5 Qxb5 20.Rhd1 Rc6 21.Qd2 Rd8 22.g3
a5 23.Rd5 Qb6 24.Rxa5 Rc5 25.Rxc5 dxc5 26.Qxd8+ Qxd8 27.Rxd8 Kxd8 28.Bxf7 h4
29.gxh4 b5 30.h5 Bg5 31.c3 Ke7 32.Bd5 Kd6 33.b4 {#r} 1-0

[Event "Ch Finland (team) 2009/10 (I Division)"]
[Site "masterchessopen.com Finland"]
[Date "2009.11.14"]
[Round "4"]
[White "Oksa Jaakko (FIN)"]
[Black "Nieminen Kari (FIN)"]
[Result "1-0"]
[WhiteElo "2036"]
[BlackElo "2219"]

1.e4 c5 2.Nf3 Nc6 3.d4 cxd4 4.Nxd4 Nf6 5.Nc3 d6 6.Bg5 Bd7 7.Qd2 Rc8 8.O-O-O
Nxd4 9.Qxd4 Qa5 10.Be3 a6 11.Kb1 e5 12.Qb6 Qxb6 13.Bxb6 Be7 14.f3 Be6 15.g4
O-O 16.h4 Rc6 17.Ba5 Rb8 18.g5 Nh5 19.Nd5 Bxd5 20.exd5 Rcc8 21.Bh3 Rf8 22.Bc7
Ra8 23.c4 Nf4 24.Bd7 f6 25.gxf6 Rxf6 26.c5 Kf8 27.c6 bxc6 28.dxc6 Ra7 29.Bb6
Rxd7 30.cxd7 Ne6 31.Rd3 Nd8 32.Rc1 d5 33.Bc7 e4 34.fxe4 dxe4 35.Re3 Re6
36.Rf1+ Kg8 37.Rf4 Rc6 38.Rfxe4 {#r} 1-0

[Event "Cup Ems-Vechte"]
[Site "masterchessopen.com Lingen (Germany)"]
[Date "2009.11.21"]
[Round "2"]
[White "Moeller Christian (GER)"]
[Black "Zimmermann Klemens (GER)"]
[Result "0-1"]
[WhiteElo "1950"]
[BlackElo "2283"]

1.e4 c5 2.Nf3 d6 3.d4 cxd4 4.Nxd4 Nf6 5.Nc3 Nc6 6.Bg5 Bd7 7.Qd2 Rc8 8.O-O-O
Nxd4 9.Qxd4 Qa5 10.Be3 a6 11.f3 e6 12.g4 h6 13.Be2 Be7 14.h4 e5 15.Qa7 Rxc3
16.bxc3 Qxc3 17.Bd3 d5 18.Kb1 d4 19.Qb8+ Bc8 20.Bd2 Qc5 21.a3 Bd6 22.Qa7 O-O
23.Bb4 Qb6 24.g5 Nh5 25.g6 Be6 {#R} 0-1

[Event "Ch World (juniors) (under 14) (g)"]
[Site "masterchessopen.com Kemer (Turkey)"]
[Date "2009.11.22"]
[Round "11"]
[White "Kuehnel Lena (GER)"]
[Black "Real Pereyra Diana Karime (MEX)"]
[Result "1-0"]
[WhiteElo "1761"]
[BlackElo "1910"]

1.e4 c5 2.Nf3 d6 3.d4 cxd4 4.Nxd4 Nf6 5.Nc3 Nc6 6.Bg5 Bd7 7.Qd2 Rc8 8.O-O-O
Nxd4 9.Qxd4 Qa5 10.h4 a6 11.f3 b5 12.Kb1 e5 13.Qd2 Be6 14.Bxf6 gxf6 15.Nd5 Qd8
16.g4 h5 17.Bh3 Bxd5 18.Qxd5 Rc5 19.Qb7 Qc7 20.Qxa6 Ke7 21.Rh2 Bh6 22.Rd5 Bf4
23.Rxc5 dxc5 24.Rh1 b4 25.gxh5 Rg8 26.a3 bxa3 27.Qxa3 Bd2 {#r} 1-0

[Event "It (open)"]
[Site "masterchessopen.com Tenerife (Spain)"]
[Date "2009.12.29"]
[Round "9"]
[White "Molina Rodriguez Borja (ESP)"]
[Black "Lopez Pereyra Antonio (ESP)"]
[Result "1-0"]
[WhiteElo "1731"]
[BlackElo "2102"]

1.e4 c5 2.Nf3 Nc6 3.d4 cxd4 4.Nxd4 Nf6 5.Nc3 d6 6.Bg5 Bd7 7.Qd2 Rc8 8.O-O-O
Nxd4 9.Qxd4 Qa5 10.f4 Rxc3 11.bxc3 e5 12.Qb4 Qxb4 13.cxb4 Nxe4 14.Bh4 g5
15.fxg5 Nc3 16.Rd3 Nxa2+ 17.Kb2 Nxb4 18.Rb3 a5 19.c3 d5 20.cxb4 Bxb4 21.Be2
O-O 22.Be1 Bd6 23.Bxa5 e4 24.Bc3 Bc6 25.Bd4 Re8 26.Bb5 Be5 27.Bxe5 Rxe5
28.Bxc6 bxc6 29.Rc3 Rxg5 30.g3 Rg6 31.Rhc1 Rh6 32.R1c2 c5 33.Rxc5 d4 34.Re5 e3
35.Rd5 Re6 36.Re2 Re4 37.Kc2 f5 38.Kd3 {#r} 1-0

[Event "It (open)"]
[Site "masterchessopen.com Novy Bor (Czech Republic)"]
[Date "2010.02.13"]
[Round "1"]
[White "Strzelczyk Anna (POL)"]
[Black "Filinkov Alexander (RUS)"]
[Result "0-1"]
[WhiteElo "1899"]
[BlackElo "2263"]

1.e4 c5 2.Nf3 Nc6 3.d4 cxd4 4.Nxd4 Nf6 5.Nc3 d6 6.Bg5 Bd7 7.Qd2 a6 8.O-O-O b5
9.Bxf6 gxf6 10.Nxc6 Bxc6 11.f4 h5 12.Kb1 e6 13.Bd3 Qb6 14.Rhe1 O-O-O 15.Ne2
Kb8 16.Qc3 Be7 17.Qb3 d5 18.exd5 Bxd5 19.c4 Bxg2 20.cxb5 Bd5 21.Qa4 axb5
22.Bxb5 f5 23.Nc3 Bb7 24.Qc4 Bd6 25.a4 Qc5 26.Qf1 Qb4 27.Ba6 Ba8 28.Qe2 Bxf4
29.Qc2 Rxd1+ 30.Rxd1 Qb6 31.Qd3 Be5 32.Bb5 Rc8 33.Na2 Be4 {#R} 0-1

[Event "Czech League 2009/10 (1st) West"]
[Site "masterchessopen.com Czech Republic"]
[Date "2010.02.21"]
[Round "9"]
[White "Danes Jaroslav (CZE)"]
[Black "Vozka Pavel (CZE)"]
[Result "0-1"]
[WhiteElo "2285"]
[BlackElo "2258"]

1.e4 c5 2.Nf3 d6 3.d4 cxd4 4.Nxd4 Nf6 5.Nc3 Nc6 6.Bg5 Bd7 7.Qd2 Rc8 8.f3 a6
9.Be3 g6 10.g4 Bg7 11.h4 Bxg4 12.fxg4 Nxg4 13.Nxc6 Rxc6 14.Bd4 Ne5 15.Be2 h5
16.O-O-O e6 17.Be3 Qa5 18.Rh3 b5 19.a3 Ng4 20.Kb1 Bxc3 21.bxc3 Qxa3 22.Bg1 O-O
23.Qc1 Qa5 24.Qb2 Rfc8 25.Bxg4 hxg4 26.Rhd3 e5 27.Be3 Rxc3 28.Bd2 Rxd3 29.cxd3
Qb6 30.Rc1 Rxc1+ 31.Qxc1 Qd4 32.Qc8+ Kh7 33.Qxg4 Qxd3+ 34.Kc1 d5 35.exd5 Qxd5
36.Qg5 b4 37.Qf6 b3 38.Bh6 Qc4+ 39.Kb2 {#R} 0-1

[Event "Ch Hungary (team) 2009/10"]
[Site "masterchessopen.com Hungary"]
[Date "2010.02.28"]
[Round "7"]
[White "Szabo Krisztian (HUN)"]
[Black "Vegh Endre (HUN)"]
[Result "1-0"]
[WhiteElo "2528"]
[BlackElo "2260"]

1.e4 c5 2.Nf3 d6 3.d4 cxd4 4.Nxd4 Nf6 5.Nc3 Bd7 6.Bg5 Nc6 7.Qd2 Rc8 8.O-O-O
Nxd4 9.Qxd4 Qa5 10.Bd2 e5 11.Qd3 Rxc3 12.Bxc3 Qxa2 13.f3 b5 14.Kd2 Be7 15.Be2
Qa6 16.Ra1 Qb7 17.Bb4 O-O 18.Bxd6 Bc6 19.Bxe7 Qxe7 20.Kc1 Nh5 21.g3 Rd8 22.Qe3
Rd4 23.Rd1 Qd7 24.Qa3 Rxd1+ 25.Bxd1 g6 26.Qxa7 Qd8 27.Qc5 Qe8 28.Be2 Ng7
29.Ra6 Bd7 30.Qd5 {#r} 1-0

[Event "Ch UrFO (open)"]
[Site "masterchessopen.com Kurgan (Russia)"]
[Date "2010.03.28"]
[Round "9"]
[White "Matsenko Sergei (RUS)"]
[Black "Gutenev Alexander (RUS)"]
[Result "1-0"]
[WhiteElo "2461"]
[BlackElo "2327"]

1.e4 c5 2.Nf3 Nc6 3.d4 cxd4 4.Nxd4 Nf6 5.Nc3 d6 6.Bg5 Bd7 7.Qd2 h6 8.Bxf6 gxf6
9.f4 Nxd4 10.Qxd4 Qa5 11.O-O-O Rc8 12.Kb1 Qc5 13.Qd3 f5 14.exf5 Bxf5 15.Qg3
Qb6 16.Rd5 Rc5 17.Bd3 Rxd5 18.Nxd5 Qc5 19.Bxf5 Qxd5 20.Qc3 Qxf5 21.Qxh8 Qxf4
22.Qc3 Kd7 23.g3 Qf5 24.Qb3 b5 25.g4 Qe5 26.Qxf7 Bg7 27.Qf5+ Qxf5 28.gxf5 Be5
29.c3 {#r} 1-0

[Event "Ch Croatia (juniors) (team) (under 20)"]
[Site "masterchessopen.com Sv. Filip i Jakov (Croatia)"]
[Date "2010.04.08"]
[Round "5"]
[White "Saric Ivan (CRO)"]
[Black "Bjelicic Jan (CRO)"]
[Result "1-0"]
[WhiteElo "2567"]
[BlackElo "2135"]

1.e4 c5 2.Nf3 Nc6 3.Nc3 d6 4.d4 cxd4 5.Nxd4 Nf6 6.Bg5 Bd7 7.Qd2 a6 8.O-O-O
Nxd4 9.Qxd4 Qa5 10.f4 h6 11.Bxf6 gxf6 12.Bc4 Rc8 13.Bb3 Qc5 14.Qd3 b5 15.e5
fxe5 16.fxe5 Bg7 17.Bxf7+ Kxf7 18.Rhf1+ Ke8 19.Qg6+ Kd8 20.Qxg7 Qxe5 21.Qxe5
dxe5 22.Rfe1 Rg8 23.Rd2 Rg5 24.Red1 Rc7 25.Nd5 Rb7 26.Nb4 Ke8 27.Nxa6 Bc6
28.Rd8+ Kf7 29.Rf1+ Kg7 30.Nc5 Bxg2 31.Ne6+ Kg6 32.Rg1 {#r} 1-0

[Event "Ch Bulgaria (w)"]
[Site "masterchessopen.com Dupnica (Bulgaria)"]
[Date "2010.04.12"]
[Round "5"]
[White "Videnova Iva (BUL)"]
[Black "Gocheva Rumiana B (BUL)"]
[Result "1-0"]
[WhiteElo "2283"]
[BlackElo "2115"]

1.e4 c5 2.Nf3 Nc6 3.d4 cxd4 4.Nxd4 Nf6 5.Nc3 d6 6.Bg5 Bd7 7.Qd2 Rc8 8.f4 Nxd4
9.Qxd4 Qa5 10.e5 dxe5 11.fxe5 e6 12.O-O-O Rxc3 13.Bd2 Rxc2+ 14.Kxc2 Qxa2
15.Bc4 Qa4+ 16.b3 Qc6 17.exf6 gxf6 18.Qxa7 Be7 19.Qb8+ Bc8 20.Bc3 O-O 21.Qg3+
Kh8 22.Qf3 {#r} 1-0

[Event "Tournament (Elo)"]
[Site "masterchessopen.com Kimry (Russia)"]
[Date "2010.04.20"]
[Round "8"]
[White "Vorobjev Dmitry (RUS)"]
[Black "Kapranov Vladimir"]
[Result "1-0"]
[WhiteElo "2154"]
[BlackElo "1983"]

1.e4 c5 2.Nf3 d6 3.d4 cxd4 4.Nxd4 Nf6 5.Nc3 Nc6 6.Bg5 Bd7 7.Qd2 Rc8 8.O-O-O
Nxd4 9.Qxd4 Qa5 10.f4 Rxc3 11.bxc3 e5 12.Qb4 Qxb4 13.cxb4 Nxe4 14.Re1 d5 15.a3
h6 16.Bh4 exf4 17.c4 f5 18.cxd5 g5 19.Bf2 Kf7 20.Bd4 Bg7 21.Bxg7 Rc8+ 22.Kb2
Kxg7 23.Be2 Rc3 24.Bf3 Rd3 25.Rd1 Rxd1 26.Rxd1 g4 27.Bxe4 fxe4 28.Rd4 Kf6
29.Rxe4 Kf5 30.Re7 Bb5 31.d6 f3 32.gxf3 gxf3 33.d7 Bxd7 34.Rxd7 Ke4 35.Rxb7 f2
36.Rf7 Ke3 37.b5 Ke2 38.a4 h5 39.a5 {#r} 1-0

[Event "Ch Ukraine"]
[Site "masterchessopen.com Alushta (Ukraine)"]
[Date "2010.05.04"]
[Round "2"]
[White "Demidenko Stanislav (UKR)"]
[Black "Roschupkin Volodymyr (UKR)"]
[Result "1-0"]
[WhiteElo "2160"]
[BlackElo "1980"]

1.e4 c5 2.Nf3 d6 3.d4 cxd4 4.Nxd4 Nf6 5.Nc3 Nc6 6.Bg5 Bd7 7.Qd2 Rc8 8.O-O-O
Nxd4 9.Qxd4 Qa5 10.f4 h6 11.Bxf6 gxf6 12.Kb1 Qc5 13.Qd2 f5 14.e5 e6 15.Be2 d5
16.Bf3 Be7 17.g4 fxg4 18.Bxg4 Qa5 19.Qd3 Bb4 20.Ne2 Bb5 21.Qh3 Bc4 22.Nc1 Rc6
23.Nb3 Qa4 24.c3 Bxb3 25.axb3 Qxb3 26.Rc1 Ba3 27.Rc2 Rb6 28.c4 Qb4 29.c5 Rb5
30.Bxe6 Bxb2 31.Bd7+ Kf8 32.Bxb5 Bc3+ 33.Kc1 {#r} 1-0

[Event "Memorial V.Somov \"]
[Site "masterchessopen.com Kirishi (Russia)"]
[Date "2010.05.11"]
[Round "3"]
[White "Bajarani Ulvi (AZE)"]
[Black "Ter Sahakyan Samvel (ARM)"]
[Result "1-0"]
[WhiteElo "2408"]
[BlackElo "2516"]

1.e4 c5 2.Nf3 d6 3.d4 cxd4 4.Nxd4 Nf6 5.Nc3 Nc6 6.Bg5 Bd7 7.Qd2 Rc8 8.f4 h6
9.Bxf6 gxf6 10.Nf5 Qa5 11.Bd3 Nb4 12.a3 e6 13.Ne3 Nxd3+ 14.Qxd3 Qc5 15.O-O-O
h5 16.Kb1 b5 17.Rhe1 Be7 18.e5 fxe5 19.fxe5 d5 20.Ne4 dxe4 21.Qxd7+ Kf8 22.Rf1
Kg7 23.Qb7 b4 24.Rd7 Rb8 25.Qxa7 Qxa7 26.Rxa7 Rhe8 27.axb4 Rxb4 28.c3 Rb5
29.Nc4 e3 30.Kc2 Kg6 31.Re1 Bc5 32.Rc7 Ra8 33.b4 Ra2+ 34.Kb3 {#r} 1-0

[Event "Tournament (open)"]
[Site "masterchessopen.com Barcelona (Spain)"]
[Date "2010.05.27"]
[Round "7"]
[White "Rosich Valles Alfredo (ESP)"]
[Black "Triquell Sanchez Jaume (ESP)"]
[Result "1-0"]
[WhiteElo "2368"]
[BlackElo "2031"]

1.e4 c5 2.Nf3 d6 3.d4 cxd4 4.Nxd4 Nf6 5.Nc3 Nc6 6.Bg5 Bd7 7.Qd2 Rc8 8.f4 Nxd4
9.Qxd4 Qa5 10.e5 dxe5 11.fxe5 Bc6 12.O-O-O e6 13.Nb5 Bxb5 14.exf6 Bc6 15.h4 g6
16.Bc4 Qc5 17.Rhe1 Qxd4 18.Rxd4 Bc5 19.Rd2 O-O 20.Rxe6 fxe6 21.Bxe6+ Kh8
22.Bh6 Rxf6 23.Bxc8 Rf1+ 24.Rd1 Rxd1+ 25.Kxd1 Bxg2 26.Ke2 Bd5 27.b3 Kg8 28.c4
Bc6 29.Be6+ Kh8 30.Kd3 a6 31.a4 Be7 32.Bg5 Bxg5 33.hxg5 Kg7 34.Bd5 h5 35.gxh6+
Kxh6 36.Bxc6 bxc6 37.b4 {#r} 1-0

[Event "Ch Region"]
[Site "masterchessopen.com Saratov (Russia)"]
[Date "2010.06.09"]
[Round "9"]
[White "Zhdanov Petr (RUS)"]
[Black "Karibaeva Elvira (RUS)"]
[Result "1-0"]
[WhiteElo "2010"]
[BlackElo "2142"]

1.e4 c5 2.Nf3 Nc6 3.d4 cxd4 4.Nxd4 Nf6 5.Nc3 d6 6.Bg5 Bd7 7.Qd2 Rc8 8.f4 a6
9.O-O-O Qc7 10.Be2 Nxe4 11.Nxe4 Nxd4 12.c3 Nxe2+ 13.Qxe2 d5 14.Rxd5 Be6 15.Rc5
Qb6 16.Rxc8+ Bxc8 17.Rd1 e6 18.Rd8+ Qxd8 19.Bxd8 Kxd8 20.Ng5 Ke7 21.Qc4 Bd7
22.Qc7 {#r} 1-0

[Event "It (open) (b)"]
[Site "masterchessopen.com Voronezh (Russia)"]
[Date "2010.06.16"]
[Round "5"]
[White "Zakhartsov Vladimir (RUS)"]
[Black "Provkin Vladimir (RUS)"]
[Result "1-0"]
[WhiteElo "2127"]
[BlackElo "2203"]

1.e4 c5 2.Nf3 d6 3.d4 Nf6 4.Nc3 cxd4 5.Nxd4 Nc6 6.Bg5 Bd7 7.Qd2 Rc8 8.O-O-O
Nxd4 9.Qxd4 Qa5 10.Bxf6 gxf6 11.Kb1 Qc5 12.Qxc5 Rxc5 13.Rd5 e6 14.Rxc5 dxc5
15.Bb5 a6 16.Bxd7+ Kxd7 17.Rd1+ Kc7 18.a4 b6 19.Rd3 Rg8 20.g3 Bd6 21.f4 h5
22.Rf3 Be7 23.f5 Rg4 24.h3 Rg5 25.Ne2 Kd6 26.h4 Rg4 27.Nf4 Ke5 28.fxe6 fxe6
29.Nxh5 Rxe4 30.Nf4 Re1+ 31.Ka2 Ke4 32.Rb3 e5 33.Ng6 Bd8 34.Rd3 Bc7 35.Rd7 Bb8
36.Ne7 b5 37.Nc6 Kf3 38.Nxb8 e4 39.Nxa6 e3 40.Nxc5 bxa4 {#r} 1-0

[Event "It (open)"]
[Site "masterchessopen.com Eforie Nord (Romania)"]
[Date "2010.06.18"]
[Round "1"]
[White "Atomei Cristian (ROM)"]
[Black "Vioreanu Bogdan-Gabriel (ROM)"]
[Result "0-1"]
[WhiteElo "1932"]
[BlackElo "2426"]

1.e4 c5 2.Nf3 d6 3.d4 cxd4 4.Nxd4 Nf6 5.Nc3 Nc6 6.Bg5 Bd7 7.Qd2 Rc8 8.Be2 Nxd4
9.Qxd4 Qa5 10.Bxf6 gxf6 11.O-O Rg8 12.Rfe1 Bh6 13.Rad1 Bf4 14.Qd5 Qb6 15.Qh5
e6 16.Qxh7 Ke7 17.Bh5 Rgf8 18.g3 Be5 19.Ne2 Rxc2 20.Kg2 Bc6 21.f4 Bxb2 22.Kh3
Qf2 23.Rf1 Qc5 24.e5 dxe5 25.f5 Bd5 26.Qg7 Qe3 27.Bg4 Qg5 {#R} 0-1

[Event "It (a) (open)"]
[Site "masterchessopen.com Kostroma (Russia)"]
[Round "8"]
[White "Arslanov Shamil (RUS)"]
[Black "Iljushin Alexei (RUS)"]
[Result "1-0"]
[WhiteElo "2383"]
[BlackElo "2527"]

1.e4 c5 2.Nf3 Nc6 3.d4 cxd4 4.Nxd4 Nf6 5.Nc3 d6 6.Bg5 Bd7 7.Qd2 Rc8 8.f4 h6
9.Bxf6 gxf6 10.Nf5 Bxf5 11.exf5 Qa5 12.Bd3 d5 13.a3 h5 14.O-O d4 15.Ne4 Qxd2
16.Nxd2 e5 17.fxe5 fxe5 18.Rac1 Kd7 19.Bc4 Nd8 20.Bb3 Bc5 21.Ne4 Be7 {#r} 1-0

[Event "Cup Dvorkovich (juniors) (team)"]
[Site "masterchessopen.com Moscow (Russia)"]
[Date "2010.07.07"]
[Round "11"]
[White "Ziaziulkina Nastassia (BLR)"]
[Black "Wisniowska Klaudia (POL)"]
[Result "1-0"]
[WhiteElo "2284"]
[BlackElo "2009"]

1.e4 c5 2.Nf3 d6 3.d4 cxd4 4.Nxd4 Nf6 5.Nc3 Nc6 6.Bg5 Bd7 7.Qd2 Rc8 8.O-O-O
Nxd4 9.Qxd4 Qa5 10.h4 Rxc3 11.bxc3 e5 12.Qd3 Qxa2 13.f3 d5 14.exd5 Nxd5 15.Kd2
Qa5 16.Rb1 Bc6 17.Rb5 Qa2 18.Qe4 Ne7 19.Qxe5 f6 20.Qb8+ Kf7 21.Rb4 Bd5 22.Be3
b6 23.Bb5 Nc6 24.Qc7+ Be7 25.Bxc6 Bxc6 26.Qxc6 Bxb4 27.cxb4 Rd8+ 28.Ke2 Re8
29.Rd1 Qa3 30.Rd7+ {#r} 1-0

[Event "Ch Poland (team) (juniors) (1 liga)"]
[Site "masterchessopen.com Suchedniow (Poland)"]
[Date "2010.07.11"]
[Round "6"]
[White "Kwiatkowski Wiktor (POL)"]
[Black "Swiderski Radoslaw (POL)"]
[Result "1-0"]
[WhiteElo "1882"]
[BlackElo "1782"]

1.e4 c5 2.Nf3 d6 3.d4 cxd4 4.Nxd4 Nf6 5.Nc3 Nc6 6.Bg5 Bd7 7.Qd2 Rc8 8.O-O-O
Nxd4 9.Qxd4 Qa5 10.Bxf6 gxf6 11.Kb1 Qc5 12.Qd2 h5 13.f4 Bh6 14.g3 Bc6 15.Bh3
Rb8 16.Rhe1 b5 17.Nd5 Rb7 18.b4 Qc4 19.Bf1 Bxd5 20.Bxc4 Bxc4 21.e5 fxe5
22.Rxe5 Bg7 23.Qxd6 {#r} 1-0

[Event "Cup Corporation \"]
[Site "masterchessopen.com Izhevsk (Russia)"]
[Date "2010.07.16"]
[Round "2"]
[White "Sherbakov Ruslan (RUS)"]
[Black "Filipenko Alexander V (RUS)"]
[Result "1-0"]
[WhiteElo "2507"]
[BlackElo "2327"]

1.e4 c5 2.Nf3 d6 3.d4 cxd4 4.Nxd4 Nf6 5.Nc3 Nc6 6.Bg5 Bd7 7.Qd2 h6 8.Bxf6 gxf6
9.Nf5 Qa5 10.Bd3 e6 11.Ng3 a6 12.f4 h5 13.O-O Qc5+ 14.Kh1 b5 15.a3 Rc8 16.Nce2
Nd4 17.Nxd4 Qxd4 18.c3 Qa7 19.Rae1 Bc6 20.Ne2 Bb7 21.Nd4 h4 22.h3 Be7 23.Be2
d5 24.Bf3 dxe4 25.Bxe4 Bxe4 26.Rxe4 f5 27.Re3 Kf8 28.Rfe1 Bf6 29.Nxe6+ fxe6
30.Rxe6 Rh6 31.Qd6+ Kf7 32.Re7+ Bxe7 33.Qxh6 Qd7 {#r} 1-0

[Event "Memorial V.Dvorkovich (open)"]
[Site "masterchessopen.com Taganrog (Russia)"]
[Date "2010.08.03"]
[Round "2"]
[White "Kovalchuk Dmitry (RUS)"]
[Black "Babkin Ivan (RUS)"]
[Result "1-0"]
[WhiteElo "2175"]
[BlackElo "1953"]

1.e4 c5 2.Nf3 Nc6 3.d4 cxd4 4.Nxd4 d6 5.Nc3 Nf6 6.Bg5 Bd7 7.Qd2 Qb6 8.Nb3 g6
9.Bxf6 exf6 10.Nd5 Qd8 11.O-O-O Rc8 12.Kb1 a5 13.Nd4 Bg7 14.Nb5 Be6 15.Be2 O-O
16.h4 f5 17.Nxd6 Bxd5 18.Nxc8 Bxa2+ 19.Kxa2 Qf6 20.c3 Qe6+ 21.Qd5 Qxc8 22.exf5
Re8 23.Bc4 Ne5 24.Bb5 Rf8 25.fxg6 hxg6 26.h5 g5 27.h6 Bf6 28.Qd6 Qf5 29.h7+
Kg7 30.h8=Q+ Rxh8 31.Rxh8 Kxh8 32.Qf8+ {#r} 1-0